[Event "FRA-chT2 East 0607"]
[Site "France"]
[Date "2007.02.11"]
[Round "7.3"]
[White "Jeanne, Gerard"]
[Black "Bouchot, Frederic"]
[Result "1-0"]
[WhiteElo "1990"]
[BlackElo "2124"]
[PlyCount "49"]
[EventDate "2006.10.15"]
[EventType "team"]
[EventRounds "11"]
[EventCountry "FRA"]
[SourceTitle "EXT 2008"]
[Source "ChessBase"]
[SourceDate "2007.11.25"]
[SourceVersion "1"]
[SourceVersionDate "2007.11.25"]
[SourceQuality "1"]
[WhiteTeam "Cluses Saint Jeoire"]
[BlackTeam "Gueugnon"]
[WhiteTeamCountry "FRA"]
[BlackTeamCountry "FRA"]

1. e4 d5 2. exd5 Nf6 3. d4 Bg4 4. Nf3 Qxd5 5. Be2 Nc6 6. 0-0 0-0-0 7. c4 Qf5 8. Be3 e6 9. Nc3 h6 10. Qa4 Ne4 11. Rfd1 Ng5 12. Ne5 Bxe2 13. Nxe2 Bd6 14. Ng3 Qf6 15. Nxc6 bxc6 16. Qxc6 Qg6 17. Rac1 Bxg3 18. hxg3 Qe4 19. d5 e5 20. Bc5 Qg6 21. d6 Ne6 22. Bxa7 Rdf8 23. Rc3 Kd8 24. Rb3 cxd6 25. Qxd6+ 1-0